000 00885nam a22002057a 4500
999 _c63368
_d63368
005 20240530110637.0
008 170925s2010 ua a f b 000 0 ara d
017 _a2010/19032
_bمصر. دار الكتب
020 _a977187692
040 _aEG-CaGPL
_cEG-CaGPL
082 0 4 _221
_a378.62\
_bم ج
100 0 _aمها منصور .
245 1 2 _aالجامعة الاهلية ( 1908 - 1952 ) :
_bصفحات من ذاكرة الصحافة : من ارشيف الدوريات العربية بدار الكتب /
_cاعداد مها منصور ؛ مراجعة عبدالمنعم تليمة .
250 _aط.1
260 _aالقاهرة :
_bمطبعة دار الكتب و الوثائق القومية بالقاهرة ،
_c2010 .
300 _a234 ص ؛
_c28 سم .
650 0 7 _2qrmak
_aجامعة القاهرة
_xتاريخ .
942 _2ddc
_cBK